000 01062cam a2200205 4500
001 ##L131290
008 051018n2005 000 0 eng u
035 _a(Sirsi) u131290
041 0 _aeng
050 0 4 _a380.1 $2 18
110 2 _aRoyal Institution of Chartered Surveyors
_bReal Estate Auction Group
_94349
245 0 0 _aGoing once, going twice, sold to...
_byour guide to buying and selling property at auction
260 _aLondon
_bRICS
_c2005
520 _aThis consumer guide aims to help those with no experience in buying and selling property to get the most out of property auctions. Contains inside information on the auction process, from both buyers' and sellers' points of view and outlines what to expect at property auctions.
520 _aSuperseded by 2018 RICS Consumer Guide: Property Auctions
651 4 _aEngland and Wales
_y1543-
690 _aAuctioneering
_96218
856 4 0 _uhttps://www.rics.org/RICSWEB/getpage.aspx?p=ZeMClmuie0-xgn8cseFJ_w
_zView the guide free of charge at www.rics.org/propertyauctions...
942 _n0
_2ddc
999 _c104704
_d104704